[Event "17. Obert Int. Sant Marti 2015"]
[Site "Barcelona ESP"]
[Date "2015.07.19"]
[Round "7.67"]
[White "Boixader Arbo, Xavier"]
[Black "Feldman, Antony"]
[Result "1/2-1/2"]
[WhiteElo "1755"]
[BlackElo "1950"]
[PlyCount "55"]
[EventDate "2015.07.13"]
[EventType "swiss"]
[EventRounds "9"]
[EventCountry "ESP"]
[SourceTitle "Ajedrez en Madrid"]
[Source "lmi"]
[SourceDate "2013.07.13"]
[SourceVersion "1"]
[SourceVersionDate "2019.06.24"]
[SourceQuality "1"]

1. e4 c5 2. Nf3 e6 3. d3 Nc6 4. g3 Nge7 5. Bg2 g6 6. O-O Bg7 7. c3 O-O 8. d4
cxd4 9. cxd4 d5 10. e5 f6 11. exf6 Bxf6 12. Nc3 Nf5 13. Be3 b6 14. Qd2 Bb7 15.
g4 Nxe3 16. Qxe3 Re8 17. Qd2 Rc8 18. Rfe1 Qc7 19. g5 Bg7 20. Bh3 Nd8 21. Rac1
Qb8 22. Ne5 Bxe5 23. Rxe5 Qc7 24. Ree1 Qd7 25. f4 Bc6 26. Nd1 Qf7 27. Nf2 Rf8
28. Nd3 1/2-1/2

[Event "17. Obert Int. Sant Marti 2015"]
[Site "Barcelona ESP"]
[Date "2015.07.19"]
[Round "7.68"]
[White "Anker, Christin"]
[Black "Riu Lopez, Daniel"]
[Result "1-0"]
[WhiteElo "1849"]
[BlackElo "1839"]
[PlyCount "55"]
[EventDate "2015.07.13"]
[EventType "swiss"]
[EventRounds "9"]
[EventCountry "ESP"]
[SourceTitle "Ajedrez en Madrid"]
[Source "lmi"]
[SourceDate "2013.07.13"]
[SourceVersion "1"]
[SourceVersionDate "2019.06.24"]
[SourceQuality "1"]

1. e4 Nc6 2. Nf3 d6 3. Nc3 Nf6 4. d4 g6 5. h3 Bg7 6. Be3 O-O 7. Qd2 e5 8. dxe5
dxe5 9. O-O-O Qxd2+ 10. Rxd2 a6 11. Bc4 Re8 12. Ng5 Nd8 13. Rxd8 Rxd8 14. Nxf7
Rf8 15. Nxe5+ Kh8 16. Nf7+ Kg8 17. Ng5+ Kh8 18. Bc5 Nxe4 19. Ncxe4 Rf4 20. g3
Rf5 21. Nf7+ Rxf7 22. Bxf7 Bf5 23. Nc3 b6 24. Be7 c6 25. g4 Bd7 26. Rd1 Be8 27.
Bxe8 Rxe8 28. Rd8 1-0

[Event "17. Obert Int. Sant Marti 2015"]
[Site "Barcelona ESP"]
[Date "2015.07.19"]
[Round "7.69"]
[White "Kunal, Kakumanu Prasad"]
[Black "Severri Arrese, Carlos"]
[Result "1-0"]
[WhiteElo "1713"]
[BlackElo "1983"]
[PlyCount "68"]
[EventDate "2015.07.13"]
[EventType "swiss"]
[EventRounds "9"]
[EventCountry "ESP"]
[SourceTitle "Ajedrez en Madrid"]
[Source "lmi"]
[SourceDate "2013.07.13"]
[SourceVersion "1"]
[SourceVersionDate "2019.06.24"]
[SourceQuality "1"]

1. c4 e5 2. Nc3 Nc6 3. g3 d6 4. Bg2 f5 5. d3 Nf6 6. Nf3 Be7 7. O-O O-O 8. Rb1
Kh8 9. b4 Qe8 10. a4 Qh5 11. Nd5 Bd8 12. Bg5 Nxd5 13. Bxd8 Nc3 14. Qc2 Nxb1 15.
Bxc7 e4 16. dxe4 fxe4 17. Ne1 Bh3 18. Qxb1 Bxg2 19. Nxg2 Qxe2 20. Bxd6 Rf6 21.
c5 Nd4 22. Nh4 Re8 23. Qd1 Rxf2 24. Qxe2 Nxe2+ 25. Kxf2 Nc3 26. Ke3 Nd5+ 27.
Kd4 Nf6 28. b5 e3 29. Re1 Re4+ 30. Kd3 Rxa4 31. Rxe3 Kg8 32. c6 bxc6 33. bxc6
Ra6 34. Nf5 Kf7 1-0

[Event "17. Obert Int. Sant Marti 2015"]
[Site "Barcelona ESP"]
[Date "2015.07.19"]
[Round "7.70"]
[White "Quero Ortega, Juan"]
[Black "Ruiz Molina, Gabriel"]
[Result "1/2-1/2"]
[WhiteElo "1820"]
[BlackElo "1916"]
[PlyCount "113"]
[EventDate "2015.07.13"]
[EventType "swiss"]
[EventRounds "9"]
[EventCountry "ESP"]
[SourceTitle "Ajedrez en Madrid"]
[Source "lmi"]
[SourceDate "2013.07.13"]
[SourceVersion "1"]
[SourceVersionDate "2019.06.24"]
[SourceQuality "1"]

1. c4 Nf6 2. Nc3 e6 3. g3 d5 4. cxd5 exd5 5. d4 c6 6. Bg2 Bd6 7. Nf3 O-O 8. O-O
Bf5 9. a3 h6 10. e3 Nbd7 11. b4 Nb6 12. Na4 Nxa4 13. Qxa4 Ne4 14. Qb3 Re8 15.
h4 Qd7 16. Nd2 Bh3 17. Nxe4 Bxg2 18. Nf6+ gxf6 19. Kxg2 Qg4 20. Qd1 Qg6 21. h5
Qg7 22. Rh1 Re4 23. f4 Rae8 24. Ra2 f5 25. Qf3 Kh7 26. Rc2 a5 27. Rb2 b6 28.
Rd1 Qf8 29. Bd2 c5 30. bxc5 bxc5 31. dxc5 Bxc5 32. Rb3 a4 33. Rd3 Qd6 34. Bc1
Qe6 35. Kh3 Bxe3 36. Bxe3 Rxe3 37. Qxe3 Qxe3 38. Rxe3 Rxe3 39. Rxd5 Rxa3 40.
Rxf5 Kg7 41. Kg4 Ra1 42. Ra5 a3 43. Kf5 a2 44. Ra7 Rg1 45. Rxa2 Rxg3 46. Ra5
Rg1 47. Ra6 Re1 48. Ra5 Re6 49. Ra7 Rb6 50. Ra5 Rb1 51. Ra6 Rb5+ 52. Kg4 f5+
53. Kg3 Rb3+ 54. Kg2 Rb7 55. Rg6+ Kh7 56. Rf6 Rb5 57. Kg3 1/2-1/2

[Event "17. Obert Int. Sant Marti 2015"]
[Site "Barcelona ESP"]
[Date "2015.07.19"]
[Round "7.71"]
[White "Tateo, Ida"]
[Black "Torrents Senal, Marc"]
[Result "0-1"]
[WhiteElo "1301"]
[BlackElo "1824"]
[PlyCount "70"]
[EventDate "2015.07.13"]
[EventType "swiss"]
[EventRounds "9"]
[EventCountry "ESP"]
[SourceTitle "Ajedrez en Madrid"]
[Source "lmi"]
[SourceDate "2013.07.13"]
[SourceVersion "1"]
[SourceVersionDate "2019.06.24"]
[SourceQuality "1"]

1. e4 c6 2. d4 d5 3. Nc3 dxe4 4. Nxe4 Bf5 5. Ng3 Bg6 6. h4 h6 7. Nf3 Nd7 8. h5
Bh7 9. Bd3 Bxd3 10. Qxd3 e6 11. Bd2 Nb6 12. O-O-O Qd5 13. Kb1 Qc4 14. Ne5 Qxd3
15. Nxd3 Nf6 16. Ne5 Be7 17. c4 c5 18. Bc3 O-O 19. f3 Rfd8 20. dxc5 Bxc5 21. b3
Bd6 22. Ne4 Bxe5 23. Rxd8+ Rxd8 24. Bxe5 Nxe4 25. fxe4 Rd2 26. g4 f6 27. Bb8
Nc8 28. e5 fxe5 29. Bxe5 Ne7 30. g5 Nf5 31. gxh6 gxh6 32. Rg1+ Kf7 33. Rg6 Rd1+
34. Kb2 Rh1 35. Bg7 Nxg7 0-1

[Event "17. Obert Int. Sant Marti 2015"]
[Site "Barcelona ESP"]
[Date "2015.07.19"]
[Round "7.72"]
[White "Drvar, Izidor"]
[Black "Jul Perez, Alberto"]
[Result "0-1"]
[WhiteElo "1900"]
[BlackElo "1870"]
[PlyCount "78"]
[EventDate "2015.07.13"]
[EventType "swiss"]
[EventRounds "9"]
[EventCountry "ESP"]
[SourceTitle "Ajedrez en Madrid"]
[Source "lmi"]
[SourceDate "2013.07.13"]
[SourceVersion "1"]
[SourceVersionDate "2019.06.24"]
[SourceQuality "1"]

1. Nf3 e6 2. c4 f5 3. d3 Nf6 4. g3 Be7 5. Bg2 O-O 6. O-O d6 7. Nc3 e5 8. Bg5
Nbd7 9. e3 Qe8 10. Nd2 c6 11. b4 h6 12. Bxf6 Nxf6 13. f4 Bd7 14. a4 Rc8 15. Qb3
Kh8 16. Rae1 g5 17. fxe5 dxe5 18. c5 a5 19. Nf3 Bd8 20. d4 Be6 21. Qb1 e4 22.
Nd2 Nd5 23. Ncxe4 fxe4 24. Nxe4 Bc7 25. Rxf8+ Qxf8 26. Nd2 Nxb4 27. Rf1 Qg7 28.
Qb2 Rd8 29. Qc3 Nd5 30. Qd3 Nxe3 31. Qxe3 Qxd4 32. Qxd4+ Rxd4 33. Rf8+ Kg7 34.
Rf2 Rxa4 35. Ne4 Be5 36. Rf1 Bd5 37. Nd6 Bxd6 38. cxd6 Bxg2 39. Kxg2 Rd4 0-1

[Event "17. Obert Int. Sant Marti 2015"]
[Site "Barcelona ESP"]
[Date "2015.07.20"]
[Round "8.1"]
[White "Gagare, Shardul"]
[Black "Sundararajan, Kidambi"]
[Result "1/2-1/2"]
[WhiteElo "2425"]
[BlackElo "2433"]
[PlyCount "77"]
[EventDate "2015.07.13"]
[EventType "swiss"]
[EventRounds "9"]
[EventCountry "ESP"]
[SourceTitle "Ajedrez en Madrid"]
[Source "lmi"]
[SourceDate "2013.07.13"]
[SourceVersion "1"]
[SourceVersionDate "2019.06.24"]
[SourceQuality "1"]

1. d4 e6 2. c4 f5 3. g3 Nf6 4. Bg2 Be7 5. Nf3 O-O 6. O-O d5 7. b3 c6 8. Ba3
Nbd7 9. Bxe7 Qxe7 10. Nbd2 a5 11. Ne1 Ne4 12. Rc1 a4 13. f3 Nxd2 14. Qxd2 axb3
15. axb3 Ra3 16. Rb1 dxc4 17. bxc4 e5 18. e3 exd4 19. exd4 f4 20. Nc2 Ra2 21.
Rfe1 Qd6 22. g4 Qg6 23. Rec1 h5 24. gxh5 Qxh5 25. Ra1 Rxa1 26. Rxa1 c5 27. dxc5
Qxc5+ 28. Qd4 Qxd4+ 29. Nxd4 Ne5 30. Bf1 Kf7 31. Re1 Rd8 32. Rxe5 Rxd4 33. Rc5
Be6 34. Rb5 Rd7 35. h4 Kf6 36. Kf2 Rd2+ 37. Ke1 Rd7 38. Kf2 Rc7 39. Bd3 1/2-1/2

[Event "17. Obert Int. Sant Marti 2015"]
[Site "Barcelona ESP"]
[Date "2015.07.20"]
[Round "8.2"]
[White "Oratovsky, Michael"]
[Black "Manolache, Marius"]
[Result "1/2-1/2"]
[WhiteElo "2490"]
[BlackElo "2467"]
[PlyCount "67"]
[EventDate "2015.07.13"]
[EventType "swiss"]
[EventRounds "9"]
[EventCountry "ESP"]
[SourceTitle "Ajedrez en Madrid"]
[Source "lmi"]
[SourceDate "2013.07.13"]
[SourceVersion "1"]
[SourceVersionDate "2019.06.24"]
[SourceQuality "1"]

1. e4 d6 2. d4 Nf6 3. Bd3 Nc6 4. c3 g6 5. Nf3 Bg7 6. O-O O-O 7. h3 e5 8. Re1
Re8 9. Nbd2 Nh5 10. Nb3 h6 11. Bb5 exd4 12. Nbxd4 Nxd4 13. cxd4 c6 14. Bd3 Nf6
15. Bf4 Be6 16. Qd2 Kh7 17. Qb4 c5 18. Qxb7 c4 19. Bf1 d5 20. Nd2 Nxe4 21. Nxe4
dxe4 22. Rxe4 Qd5 23. Qxd5 Bxd5 24. Rxe8 Rxe8 25. Rc1 Bxd4 26. Rd1 Re4 27. g3
Be6 28. Bg2 Rxf4 29. gxf4 Bxb2 30. Bd5 c3 31. Bxe6 c2 32. Bb3 c1=Q 33. Rxc1
Bxc1 34. Bxf7 1/2-1/2

[Event "17. Obert Int. Sant Marti 2015"]
[Site "Barcelona ESP"]
[Date "2015.07.20"]
[Round "8.3"]
[White "Grigoryan, Karen H."]
[Black "Cruz, Jonathan"]
[Result "1-0"]
[WhiteElo "2580"]
[BlackElo "2453"]
[PlyCount "95"]
[EventDate "2015.07.13"]
[EventType "swiss"]
[EventRounds "9"]
[EventCountry "ESP"]
[SourceTitle "Ajedrez en Madrid"]
[Source "lmi"]
[SourceDate "2013.07.13"]
[SourceVersion "1"]
[SourceVersionDate "2019.06.24"]
[SourceQuality "1"]

1. d4 Nf6 2. c4 e6 3. Nc3 Bb4 4. f3 c5 5. d5 b5 6. e4 O-O 7. e5 Ne8 8. a3 Ba5
9. f4 d6 10. Nf3 b4 11. axb4 cxb4 12. Qa4 Bb6 13. Qxb4 Na6 14. Qa4 Nec7 15. b4
exd5 16. cxd5 dxe5 17. fxe5 Bd4 18. Bd2 Nxd5 19. Nxd5 Qxd5 20. Bxa6 Qe4+ 21.
Be2 Bxa1 22. Qxa1 a5 23. bxa5 Ba6 24. Qd1 f6 25. Kf2 fxe5 26. Bxa6 Rxa6 27.
Qb3+ Kh8 28. Re1 Qg4 29. Qb4 Qc8 30. Rxe5 Raf6 31. Re3 Qc2 32. Qc3 Qa2 33. Re2
Qa4 34. Qe3 Qg4 35. Bc3 Rg6 36. Kg1 Qf5 37. Rf2 Qd5 38. Ne5 Rgf6 39. Rxf6 Rxf6
40. Nf3 Rf8 41. Qd4 Qf7 42. h3 Rc8 43. a6 Qc7 44. a7 Ra8 45. Qe4 Qxa7+ 46. Bd4
Qb8 47. Ng5 Qg8 48. Nf7+ 1-0

[Event "17. Obert Int. Sant Marti 2015"]
[Site "Barcelona ESP"]
[Date "2015.07.20"]
[Round "8.5"]
[White "Das, Sayantan"]
[Black "Burmakin, Vladimir"]
[Result "0-1"]
[WhiteElo "2444"]
[BlackElo "2571"]
[PlyCount "74"]
[EventDate "2015.07.13"]
[EventType "swiss"]
[EventRounds "9"]
[EventCountry "ESP"]
[SourceTitle "Ajedrez en Madrid"]
[Source "lmi"]
[SourceDate "2013.07.13"]
[SourceVersion "1"]
[SourceVersionDate "2019.06.24"]
[SourceQuality "1"]

1. e4 c6 2. d4 d5 3. Nd2 g6 4. Ngf3 Bg7 5. c3 Nh6 6. Bd3 O-O 7. O-O f6 8. Re1
Nf7 9. h4 e5 10. h5 exd4 11. cxd4 f5 12. e5 Be6 13. Nb3 Nd7 14. Be3 g5 15. Qc2
Kh8 16. Bd2 g4 17. Nh2 Qh4 18. Nf1 Ng5 19. Bxg5 Qxg5 20. Na5 Rab8 21. b4 Qxh5
22. Nb3 f4 23. b5 Rbc8 24. Qb2 c5 25. Nxc5 Nxc5 26. dxc5 Rxc5 27. Qd4 Rc7 28.
a4 Re7 29. a5 Bg8 30. g3 Bxe5 31. Qc5 Ref7 32. Qxd5 Rf5 33. Qxb7 fxg3 34. Nxg3
Bxg3 35. fxg3 Rf2 36. Qh1 Qc5 37. Qc6 Rf1+ 0-1

[Event "17. Obert Int. Sant Marti 2015"]
[Site "Barcelona ESP"]
[Date "2015.07.20"]
[Round "8.6"]
[White "Kanmazalp, Ogulcan"]
[Black "Peralta, Fernando"]
[Result "1-0"]
[WhiteElo "2468"]
[BlackElo "2556"]
[PlyCount "63"]
[EventDate "2015.07.13"]
[EventType "swiss"]
[EventRounds "9"]
[EventCountry "ESP"]
[SourceTitle "Ajedrez en Madrid"]
[Source "lmi"]
[SourceDate "2013.07.13"]
[SourceVersion "1"]
[SourceVersionDate "2019.06.24"]
[SourceQuality "1"]

1. e4 c6 2. d4 d5 3. Nc3 dxe4 4. Nxe4 Bf5 5. Ng3 Bg6 6. h4 h6 7. Nf3 e6 8. Ne5
Bh7 9. Bd3 Bxd3 10. Qxd3 Nd7 11. f4 Bb4+ 12. c3 Bd6 13. Bd2 Ngf6 14. O-O-O O-O
15. Qf3 Qc7 16. Ne2 h5 17. g4 hxg4 18. Nxg4 Qa5 19. Ne5 Qxa2 20. Rdg1 Rfd8 21.
h5 Nh7 22. Qg3 Bf8 23. h6 Nxe5 24. fxe5 g6 25. Nf4 g5 26. Nh3 f6 27. exf6 Qa1+
28. Kc2 Qa4+ 29. Kb1 Qb5 30. Nxg5 Nxg5 31. Bxg5 Kh7 32. Bd2 1-0

[Event "17. Obert Int. Sant Marti 2015"]
[Site "Barcelona ESP"]
[Date "2015.07.20"]
[Round "8.7"]
[White "Gonzalez Perez, Arian"]
[Black "Ghosh, Diptayan"]
[Result "1/2-1/2"]
[WhiteElo "2440"]
[BlackElo "2523"]
[PlyCount "54"]
[EventDate "2015.07.13"]
[EventType "swiss"]
[EventRounds "9"]
[EventCountry "ESP"]
[SourceTitle "Ajedrez en Madrid"]
[Source "lmi"]
[SourceDate "2013.07.13"]
[SourceVersion "1"]
[SourceVersionDate "2019.06.24"]
[SourceQuality "1"]

1. e4 e5 2. Nf3 Nc6 3. d4 exd4 4. Nxd4 Bc5 5. Nxc6 Qf6 6. Qf3 bxc6 7. Nd2 Qxf3
8. Nxf3 Ne7 9. Bd3 O-O 10. O-O d6 11. h3 f6 12. c3 a5 13. Nd4 Bxd4 14. cxd4 Ba6
15. Bxa6 Rxa6 16. Bd2 Rb8 17. Bc3 a4 18. g4 Rb5 19. Rac1 Kf7 20. Kg2 Ra8 21.
Rc2 h5 22. f3 Rab8 23. Kg3 d5 24. Re1 hxg4 25. hxg4 c5 26. dxc5 Rxc5 27. Rd2
dxe4 1/2-1/2

[Event "17. Obert Int. Sant Marti 2015"]
[Site "Barcelona ESP"]
[Date "2015.07.20"]
[Round "8.8"]
[White "Rios, Cristhian Camilo"]
[Black "Oliva Castaneda, Kevel"]
[Result "1/2-1/2"]
[WhiteElo "2435"]
[BlackElo "2488"]
[PlyCount "51"]
[EventDate "2015.07.13"]
[EventType "swiss"]
[EventRounds "9"]
[EventCountry "ESP"]
[SourceTitle "Ajedrez en Madrid"]
[Source "lmi"]
[SourceDate "2013.07.13"]
[SourceVersion "1"]
[SourceVersionDate "2019.06.24"]
[SourceQuality "1"]

1. d4 d5 2. c4 c6 3. Nc3 Nf6 4. Nf3 dxc4 5. a4 Bf5 6. Nh4 e6 7. Nxf5 exf5 8. e3
Bb4 9. Bxc4 O-O 10. Qc2 g6 11. O-O Nbd7 12. Kh1 Rc8 13. f3 c5 14. Ba2 Qb6 15.
Qf2 a6 16. Bd2 Ba5 17. Rab1 cxd4 18. exd4 Qd6 19. Qh4 Rfe8 20. Rfd1 Bc7 21. Bg5
Bb8 22. Re1 Kg7 23. Bh6+ Kg8 24. Bg5 Kg7 25. Bh6+ Kg8 26. Bg5 1/2-1/2

[Event "17. Obert Int. Sant Marti 2015"]
[Site "Barcelona ESP"]
[Date "2015.07.20"]
[Round "8.9"]
[White "Froewis, Georg"]
[Black "Diermair, Andreas"]
[Result "0-1"]
[WhiteElo "2434"]
[BlackElo "2485"]
[PlyCount "72"]
[EventDate "2015.07.13"]
[EventType "swiss"]
[EventRounds "9"]
[EventCountry "ESP"]
[SourceTitle "Ajedrez en Madrid"]
[Source "lmi"]
[SourceDate "2013.07.13"]
[SourceVersion "1"]
[SourceVersionDate "2019.06.24"]
[SourceQuality "1"]

1. Nf3 Nf6 2. c4 g6 3. Nc3 Bg7 4. e4 d6 5. d4 O-O 6. Be2 e5 7. O-O Nc6 8. d5
Ne7 9. Ne1 Nd7 10. Nd3 f5 11. f3 f4 12. Bd2 g5 13. Rc1 Ng6 14. c5 Nf6 15. Nb5
Rf7 16. Ba5 b6 17. cxd6 cxd6 18. Be1 a6 19. Nc3 a5 20. a4 Bf8 21. Nb5 h5 22.
Rc6 Ne8 23. Bf2 Rb8 24. Qc2 Bd7 25. Rc1 g4 26. b4 Nh4 27. fxg4 hxg4 28. Qd2 Rb7
29. Qe1 Rh7 30. Bxh4 Rxh4 31. g3 fxg3 32. Qxg3 Qg5 33. R6c2 Rh3 34. Qg2 g3 35.
Bf1 Qe3+ 36. Nf2 Rxh2 0-1

[Event "17. Obert Int. Sant Marti 2015"]
[Site "Barcelona ESP"]
[Date "2015.07.20"]
[Round "8.10"]
[White "Cicak, Slavko"]
[Black "Ducarmon, Quinten"]
[Result "1/2-1/2"]
[WhiteElo "2514"]
[BlackElo "2475"]
[PlyCount "85"]
[EventDate "2015.07.13"]
[EventType "swiss"]
[EventRounds "9"]
[EventCountry "ESP"]
[SourceTitle "Ajedrez en Madrid"]
[Source "lmi"]
[SourceDate "2013.07.13"]
[SourceVersion "1"]
[SourceVersionDate "2019.06.24"]
[SourceQuality "1"]

1. e4 c6 2. d4 d5 3. exd5 cxd5 4. Bd3 Nc6 5. c3 Qc7 6. h3 Nf6 7. Nf3 g6 8. O-O
Bf5 9. Bxf5 gxf5 10. c4 Bg7 11. Nc3 Rd8 12. Bg5 dxc4 13. Qa4 O-O 14. Qxc4 Qd7
15. Rad1 h6 16. Bh4 Nd5 17. Ne5 Qd6 18. Nxd5 Qxd5 19. Qxd5 Rxd5 20. Nxc6 bxc6
21. Bxe7 Rb8 22. Bc5 Rxb2 23. Rfe1 Rxa2 24. Re8+ Kh7 25. Re7 Ra5 26. Rb1 Rb5
27. Rc1 Kg6 28. Rxa7 f4 29. Ra4 Bf6 30. Kf1 Rb2 31. Rac4 Kf5 32. R1c2 Rxc2 33.
Rxc2 f3 34. gxf3 Bxd4 35. Bxd4 Rxd4 36. Rxc6 Kg5 37. Kg2 h5 38. Rc5+ f5 39. Kg3
Ra4 40. Rc8 h4+ 41. Kg2 Kf4 42. Rh8 Kg5 43. Rg8+ 1/2-1/2

[Event "17. Obert Int. Sant Marti 2015"]
[Site "Barcelona ESP"]
[Date "2015.07.20"]
[Round "8.11"]
[White "Alsina Leal, Daniel"]
[Black "Konguvel, Ponnuswamy"]
[Result "1-0"]
[WhiteElo "2531"]
[BlackElo "2337"]
[PlyCount "79"]
[EventDate "2015.07.13"]
[EventType "swiss"]
[EventRounds "9"]
[EventCountry "ESP"]
[SourceTitle "Ajedrez en Madrid"]
[Source "lmi"]
[SourceDate "2013.07.13"]
[SourceVersion "1"]
[SourceVersionDate "2019.06.24"]
[SourceQuality "1"]

1. e4 c5 2. Nf3 d6 3. c3 Nf6 4. h3 Nc6 5. Bd3 d5 6. e5 c4 7. Bc2 Nd7 8. Qe2 Qc7
9. e6 fxe6 10. Ng5 Nde5 11. O-O g6 12. f4 Bh6 13. h4 Bxg5 14. hxg5 Qb6+ 15. Rf2
Nf7 16. b3 e5 17. bxc4 d4 18. Ba4 O-O 19. d3 exf4 20. cxd4 Nxd4 21. Qxe7 Bg4
22. Nc3 Qa5 23. Nd5 Nxg5 24. Bb2 Nge6 25. Bxd4 Nxd4 26. Nf6+ Rxf6 27. Qxf6 Ne2+
28. Rxe2 Bxe2 29. Bb3 Qc5+ 30. d4 Qb4 31. Qe6+ Kg7 32. Qxe2 Rf8 33. Rd1 a5 34.
c5 Rf5 35. Qe7+ Kh6 36. Bc2 Rd5 37. Qh4+ Kg7 38. Qxf4 Rxc5 39. Qd2 Rc3 40. Rb1
1-0

[Event "17. Obert Int. Sant Marti 2015"]
[Site "Barcelona ESP"]
[Date "2015.07.20"]
[Round "8.12"]
[White "Kessler, Luca"]
[Black "Gomez Garrido, Camilo Ernesto"]
[Result "0-1"]
[WhiteElo "2364"]
[BlackElo "2519"]
[PlyCount "64"]
[EventDate "2015.07.13"]
[EventType "swiss"]
[EventRounds "9"]
[EventCountry "ESP"]
[SourceTitle "Ajedrez en Madrid"]
[Source "lmi"]
[SourceDate "2013.07.13"]
[SourceVersion "1"]
[SourceVersionDate "2019.06.24"]
[SourceQuality "1"]

1. d4 d5 2. c4 c6 3. Nc3 Nf6 4. e3 a6 5. Qc2 e6 6. Nf3 c5 7. cxd5 exd5 8. Be2
Be6 9. O-O Nc6 10. dxc5 Bxc5 11. b3 Rc8 12. Bb2 O-O 13. Rfd1 Qe7 14. Rac1 Ba7
15. Qb1 h6 16. Re1 Rfd8 17. Nd1 Ne4 18. Qa1 Nb4 19. Rxc8 Rxc8 20. Bxg7 Nc2 21.
Qb2 Nxe1 22. Nxe1 Kh7 23. Bd3 Bf5 24. Be5 Bg6 25. Bf1 Bc5 26. Nd3 Bd6 27. Bd4
Qc7 28. h3 Qc2 29. Qxc2 Rxc2 30. N3b2 Bc5 31. Bd3 Rc1 32. Bxe4 Bxe4 0-1

[Event "17. Obert Int. Sant Marti 2015"]
[Site "Barcelona ESP"]
[Date "2015.07.20"]
[Round "8.13"]
[White "Cuartas, Jaime Alexander"]
[Black "Roy, Prantik"]
[Result "1/2-1/2"]
[WhiteElo "2503"]
[BlackElo "2292"]
[PlyCount "96"]
[EventDate "2015.07.13"]
[EventType "swiss"]
[EventRounds "9"]
[EventCountry "ESP"]
[SourceTitle "Ajedrez en Madrid"]
[Source "lmi"]
[SourceDate "2013.07.13"]
[SourceVersion "1"]
[SourceVersionDate "2019.06.24"]
[SourceQuality "1"]

1. e4 c6 2. d4 d5 3. Nc3 dxe4 4. Nxe4 Bf5 5. Ng3 Bg6 6. h4 h6 7. Nf3 e6 8. Ne5
Bh7 9. Qh5 Qc7 10. Bc4 Nf6 11. Qe2 Nd5 12. Bd2 Nd7 13. O-O-O Nxe5 14. dxe5
O-O-O 15. f4 Bb4 16. Bxb4 Nxb4 17. Ne4 Bxe4 18. Qxe4 Nd5 19. h5 Nb6 20. Be2
Rxd1+ 21. Rxd1 Rd8 22. Bd3 Qe7 23. g3 Qc5 24. Qf3 Nd5 25. Be4 Nb4 26. Rxd8+
Kxd8 27. a3 Nd5 28. Bxd5 cxd5 29. Kb1 Qg1+ 30. Ka2 Qd4 31. Qb3 Kc7 32. Qd3 Qc4+
33. Kb1 Qxd3 34. cxd3 g6 35. g4 gxh5 36. gxh5 Kc6 37. Kc2 Kb5 38. b3 a5 39. Kc3
Kc5 40. d4+ Kb5 41. a4+ Kc6 42. Kd3 Kd7 43. Ke3 Ke7 44. Kf3 Kf8 45. Kg4 Ke8 46.
Kf3 Kf8 47. Kg4 Ke8 48. Kf3 Kf8 1/2-1/2

[Event "17. Obert Int. Sant Marti 2015"]
[Site "Barcelona ESP"]
[Date "2015.07.20"]
[Round "8.14"]
[White "Puranik, Abhimanyu"]
[Black "Shyam, Sundar M."]
[Result "1-0"]
[WhiteElo "2328"]
[BlackElo "2492"]
[PlyCount "93"]
[EventDate "2015.07.13"]
[EventType "swiss"]
[EventRounds "9"]
[EventCountry "ESP"]
[SourceTitle "Ajedrez en Madrid"]
[Source "lmi"]
[SourceDate "2013.07.13"]
[SourceVersion "1"]
[SourceVersionDate "2019.06.24"]
[SourceQuality "1"]

1. e4 c5 2. c3 d5 3. exd5 Nf6 4. Bb5+ Nbd7 5. d4 a6 6. Be2 Nxd5 7. c4 N5f6 8.
d5 g6 9. Nc3 Bg7 10. Nf3 O-O 11. O-O Ne8 12. Bf4 Nd6 13. h3 Re8 14. Re1 Nb6 15.
Qb3 Nf5 16. Rad1 Bd7 17. Qa3 Nd4 18. Nxd4 cxd4 19. Ne4 Na4 20. Bf3 Rc8 21. b3
Nc3 22. Nxc3 dxc3 23. Bg5 Qb6 24. Rxe7 Bf8 25. Rxe8 Rxe8 26. Qc1 Bg7 27. g4 Bd4
28. Qc2 f5 29. d6 fxg4 30. hxg4 Rf8 31. Bd5+ Kg7 32. Be3 Bxe3 33. Qxc3+ Rf6 34.
Qxe3 Qxe3 35. fxe3 Rxd6 36. c5 Rf6 37. Bxb7 Bxg4 38. Rd4 h5 39. c6 Rf7 40. b4
Be2 41. Rd7 Bf3 42. a4 Kf6 43. Rxf7+ Kxf7 44. Kf2 Be4 45. Ba8 Ke7 46. c7 Bf5
47. Bb7 1-0

[Event "17. Obert Int. Sant Marti 2015"]
[Site "Barcelona ESP"]
[Date "2015.07.20"]
[Round "8.15"]
[White "Pomini, Aurelien"]
[Black "Pardo Simon, David"]
[Result "0-1"]
[WhiteElo "2298"]
[BlackElo "2468"]
[PlyCount "74"]
[EventDate "2015.07.13"]
[EventType "swiss"]
[EventRounds "9"]
[EventCountry "ESP"]
[SourceTitle "Ajedrez en Madrid"]
[Source "lmi"]
[SourceDate "2013.07.13"]
[SourceVersion "1"]
[SourceVersionDate "2019.06.24"]
[SourceQuality "1"]

1. e4 d6 2. d4 Nf6 3. Nc3 e5 4. Nf3 exd4 5. Nxd4 Be7 6. Be2 O-O 7. Be3 Re8 8.
f3 a6 9. Qd2 d5 10. e5 c5 11. exf6 Bxf6 12. O-O-O Rxe3 13. Qxe3 cxd4 14. Rxd4
Bxd4 15. Qxd4 Be6 16. Kb1 Nc6 17. Qc5 Rc8 18. Rd1 b6 19. Qa3 a5 20. Qa4 d4 21.
Ba6 Rc7 22. Bc4 Bf5 23. Qb5 g6 24. Nd5 Rc8 25. Qxb6 Qd6 26. g4 Bd7 27. g5 Kg7
28. Nf6 Rb8 29. Qa6 Bf5 30. Bd3 Qa3 31. Bb5 Bxc2+ 32. Ka1 Nb4 33. bxa3 Nxa6 34.
Rd2 d3 35. a4 Nc5 36. Ne8+ Kf8 37. Nd6 Nxa4 0-1

[Event "17. Obert Int. Sant Marti 2015"]
[Site "Barcelona ESP"]
[Date "2015.07.20"]
[Round "8.16"]
[White "Aguilar, Andres"]
[Black "Narayanan, Srinath"]
[Result "1/2-1/2"]
[WhiteElo "2224"]
[BlackElo "2464"]
[PlyCount "114"]
[EventDate "2015.07.13"]
[EventType "swiss"]
[EventRounds "9"]
[EventCountry "ESP"]
[SourceTitle "Ajedrez en Madrid"]
[Source "lmi"]
[SourceDate "2013.07.13"]
[SourceVersion "1"]
[SourceVersionDate "2019.06.24"]
[SourceQuality "1"]

1. c4 c5 2. Nc3 Nc6 3. g3 g6 4. Bg2 Bg7 5. Nf3 d6 6. d3 e5 7. a3 a5 8. O-O Nge7
9. Ne1 Be6 10. Nc2 d5 11. cxd5 Nxd5 12. Ne3 Nde7 13. Nc4 O-O 14. Bg5 f6 15. Be3
b6 16. Qa4 Qc7 17. Nb5 Qd8 18. Nc3 Bxc4 19. dxc4 Rc8 20. Nd5 Nd4 21. Rfe1 Kh8
22. Bd2 b5 23. Qxa5 Nxd5 24. Bxd5 bxc4 25. Bxc4 Nc2 26. Qxd8 Rfxd8 27. Bc3 e4
28. a4 f5 29. Bxg7+ Kxg7 30. b3 Nxe1 31. Rxe1 Rd2 32. Rc1 Rcd8 33. Kg2 Rd1 34.
Rc3 Ra1 35. f3 Rd4 36. Bb5 exf3+ 37. Kxf3 Rb4 38. Bc4 Ra3 39. Rd3 Kf6 40. h4
Rxc4 41. bxc4 Rxa4 42. Rd6+ Kg7 43. Rd7+ Kh6 44. e4 Rxc4 45. exf5 gxf5 46. Rd5
Rc1 47. Rxf5 Rf1+ 48. Kg4 Rxf5 49. Kxf5 Kh5 50. Kf4 h6 51. Kf3 c4 52. Ke3 Kg4
53. Kd4 Kxg3 54. h5 Kg4 55. Kxc4 Kxh5 56. Kd3 Kg4 57. Ke2 Kg3 1/2-1/2